• AIU
  • Tony Wilmot Memorial Library

Odu hagaale : (Record no. 45382)

MARC details
000 -LEADER
fixed length control field 01255nam a22003137a 4500
003 - CONTROL NUMBER IDENTIFIER
control field OSt
005 - DATE AND TIME OF LATEST TRANSACTION
control field 20110718134517.0
008 - FIXED-LENGTH DATA ELEMENTS--GENERAL INFORMATION
fixed length control field 100406t xxu||||| |||| 00| 0 eng d
020 ## - INTERNATIONAL STANDARD BOOK NUMBER
International Standard Book Number 9966001743
040 ## - CATALOGING SOURCE
Original cataloging agency NEGST Library - Kenya
Transcribing agency NEGST Library - Kenya
Modifying agency NEGST Library - Kenya
050 14 - LIBRARY OF CONGRESS CALL NUMBER
Classification number PJ 2477.5
Item number .O38 2008
245 ## - TITLE STATEMENT
Title Odu hagaale :
Remainder of title akka daddi innama hand'ud'o k'abu jeelatte amminne ilaaltu /
Statement of responsibility, etc translated by Omaari Gooricha, Ismael Godaana Daara and Sofia Salado.
246 ## - VARYING FORM OF TITLE
Title proper/short title Kande's story.
247 ## - FORMER TITLE
Title Lamde
260 ## - PUBLICATION, DISTRIBUTION, ETC. (IMPRINT)
Place of publication, distribution, etc Nairobi, Kenya :
Name of publisher, distributor, etc Bible Translation and Literacy (EA)
Date of publication, distribution, etc c2008.
300 ## - PHYSICAL DESCRIPTION
Extent 42 p. :
Other physical details ill.
500 ## - GENERAL NOTE
General note "Orma Language Project, Kilifi, Kenya."
500 ## - GENERAL NOTE
General note T.p. verso: "Text from Kande's story, facilitator's manual, c2005 SIL Africa Area."
500 ## - GENERAL NOTE
General note T.p. verso: "Printing funded by Ecumenical HIV/AIDS Initiative in Africa, Programme of the World Council of Churches."
500 ## - GENERAL NOTE
General note [Africana].
650 ## - SUBJECT ADDED ENTRY--TOPICAL TERM
Topical term or geographic name as entry element AIDS (Disease).
9 (RLIN) 3105
650 ## - SUBJECT ADDED ENTRY--TOPICAL TERM
Topical term or geographic name as entry element HIV infections.
9 (RLIN) 3107
650 ## - SUBJECT ADDED ENTRY--TOPICAL TERM
Topical term or geographic name as entry element Orma dialect
General subdivision Texts.
9 (RLIN) 3109
700 1# - ADDED ENTRY--PERSONAL NAME
Personal name Gooricha, Omaari.
9 (RLIN) 3111
700 1# - ADDED ENTRY--PERSONAL NAME
Personal name Daara, Ismael Godaana.
9 (RLIN) 3113
700 1# - ADDED ENTRY--PERSONAL NAME
Personal name Salado, Sofia.
9 (RLIN) 3115
710 2# - ADDED ENTRY--CORPORATE NAME
Corporate name or jurisdiction name as entry element Orma Language Project.
9 (RLIN) 3118
942 ## - ADDED ENTRY ELEMENTS (KOHA)
Source of classification or shelving scheme Library of Congress Classification
Koha item type Books
Holdings
Withdrawn status Lost status Source of classification or shelving scheme Damaged status Not for loan Collection code Home library Current library Shelving location Date acquired Source of acquisition Cost, normal purchase price Total Checkouts Full call number Barcode Date last seen Copy number Price effective from Koha item type
    Library of Congress Classification     General Circulation AIU/NEGST - Tony Wilmot Memorial Library AIU/NEGST - Tony Wilmot Memorial Library General Stacks 04/06/2010 D - BTL 5.00   PJ 2477.5.O38 2008 R40211X3232 07/09/2014 1 04/06/2010 Books